| 000 | 00763nam a22002417a 4500 | ||
|---|---|---|---|
| 999 |
_c20537 _d20537 |
||
| 005 | 20191030061824.0 | ||
| 008 | 191030b xxu||||| |||| 00| 0 spa d | ||
| 020 | _a9788968112478 | ||
| 040 |
_aCO-BoIAVH _cCO-BoIAVH |
||
| 041 | _aeng | ||
| 044 | _ako | ||
| 082 |
_a333.9516 _bC45a |
||
| 100 | _aCho, Seong-Hyun | ||
| 245 | _aA Checklist for the Seed Plants of Cambodia. | ||
| 260 |
_aIncheon: _bNational Institute of Biological Resources, _bMinistry of Enviroment, _c2016. |
||
| 300 |
_a272 Páginas: _c26 x 19 cm. |
||
| 650 | 0 | _aBiodiversidad | |
| 650 | 0 | _aListas de vegetación | |
| 650 | 0 |
_aTaxonomía _vplantas _zCambodia |
|
| 700 | _aChhang, Phourin | ||
| 700 | _aKim, Young-Dong | ||
| 942 |
_2ddc _cLIBRO |
||